00581nam a22001931 450000100060000000300080000600500170001400800360003103500190006704000270008604100080011308200270012110000430014824500690019126000390026030000210029965000340032065000330035433060BD-RjUL20211209051935.0140430s1952 us 000 0 eng  a(BD-RjUL)33151 aDLCcDLCdBD-RjULbeng aeng 222a362.22 bHER 19521 aHendry, Charles E. [from old catalog]14aThe role of groups in world reconstruction /c Charles E. Hendry aNew York :bWoman's Press ;c1952. a202 p. ;c21 cm. a Community organization.  a Reconstruction (1939-1951)